000 00323nam a2200133 i 4500
001 bg
100 1 _aRUBLEW, A. N.
245 0 _aKurs linejnoj algebry i analiticeskoj geometrii /
_cA.N. Rublew.
260 _aMoskwa,
_c1972.
040 _cBPK
041 _apol
942 _cKS
008 s pl f |000 0 pol
999 _c14786
_d14786
856 _uhttp://koha.tu.koszalin.pl/cgi-bin/koha/opac-detail.pl?biblionumber=14786
_yKatalog online BPK